000 00429nam a2200169Ia 4500
003 GCL
008 140319s9999 xx 000 0 eng d
040 _aGCL /
_cGCL
082 0 4 _a843
_bS U
100 1 _aSARRAUTE, NATHALIE
245 1 0 _aL'USAGE DE LA PAROLE /
_cSARRAUTE, NATHALIE
260 _a[S.N] :
_bGALLIMARD
490 _aCOLLECTION FOLIO
_v0
650 0 4 _aLITERATURE
650 0 4 _aFRENCH LITERATURE
942 _2ddc
_cBK
999 _c23359
_d23359